| 000 | 01043cam a22003254a 4500 | ||
|---|---|---|---|
| 003 | OSt | ||
| 005 | 20140310184429.0 | ||
| 008 | 051117s2004 nyua j b 001 0 eng | ||
| 010 | _a 2005283651 | ||
| 020 | _a0439633591 | ||
| 040 |
_aDLC _cDLC _dDLC |
||
| 042 | _apcc | ||
| 050 | 0 | 0 |
_aQL 467.2 _b.G55 2004 |
| 100 | 1 |
_aGikow, Louise. _926984 |
|
| 245 | 1 | 0 |
_aRipley's incredible insects / _cLouise A. Gikow ; with an introduction by David Grimaldi. |
| 246 | 3 | 0 | _aIncredible insects |
| 260 |
_aNew York : _bScholastic Inc., _c2004. |
||
| 300 |
_a60 p. : _bcol. ill. ; _c28 cm. |
||
| 490 | 1 | _aRipley's believe it or not | |
| 521 | _aG9 | ||
| 526 | _c1000 | ||
| 650 | 0 |
_aInsects _vJuvenile literature. _926985 |
|
| 830 | 0 |
_aRipley's believe it or not (Scholastic, Inc.) _926986 |
|
| 906 |
_a7 _bcbc _corignew _d2 _encip _f20 _gy-gencatlg |
||
| 942 |
_2lcc _cBK-SCHOLAS |
||
| 999 |
_c34326 _d34326 |
||